000
00255nam a22001217a 4500
008
181020b xxu||||| |||| 00| 0 eng d
041
_a
eng
080
_a
341
100
_a
19
101
_a
SHP
245
_a
Political Economy
_c
Eaton, J
942
_2
udc
_c
BK
999
_c
50337
_d
50337